Software engineering

Guardat en:
Dades bibliogràfiques
Autor principal: SOMMERVILLE, Ian
Format: Llibre
Idioma:anglès
Publicat: Pearson Education 2016.
Etiquetes: Afegir etiqueta
Sense etiquetes, Sigues el primer a etiquetar aquest registre!

MARC

LEADER 00000nam a22000007a 4500
008 201218b ||||| |||| 00| 0 eng d
020 |a  ISBN: 978-1-292-09613-1 
100 |a SOMMERVILLE, Ian 
245 |a Software engineering  |c Ian Sommerville  |g  810p. 
250 |b 10th ed. 
260 |b  Pearson Education  |c 2016.  |h Harlow, England  |i 691160 –  |i  691161   |l HF5673.So5  |m Software engineering. 
500 |a “It includes index”. 
942 |a lcc  |c BK  |e Olagoke, M.A  |f 18/12/2020 
999 |c 463  |d 463